| 000 | 00746nam a22002537a 4500 | ||
|---|---|---|---|
| 003 | UA-OsUOA | ||
| 001 | 23935 | ||
| 007 | ta | ||
| 008 | 20040202b un ||||| |||| 00| 0 ukr d | ||
| 100 | _aУдовик С. Л. | ||
| 090 |
_a321.01(477) _bУ31 |
||
| 942 | _cBK | ||
| 040 |
_aUA-OsUOA _brus _cUA-OsUOA _dUA-OsUOA |
||
| 245 | _aГосударственость Украины: истоки и перспективы | ||
| 300 | _a208 с. | ||
| 955 | _a1 | ||
| 041 | _arus | ||
| 080 | _a321.01(477) | ||
| 020 | _a966-543-054-8 | ||
| 260 |
_aКиев _bВаклер _c1999 |
||
| 044 | _aRU | ||
| 650 | 7 |
_a321 Форми політичних організацій. Держави як політичні влади _2UDC |
|
| 999 |
_c310197 _d310197 |
||